Digital Control System Analysis & Design, Global Edition/

Appropriate for a one semester/two-quarter senior-level course in digital or discrete-time controls. This revision of the best-selling text in digital controls is a significant update with the integration of MATLAB software and new coverage in several areas.   The full text downloaded to your comput...

Full description

Saved in:
Bibliographic Details
Main Authors: Phillips, Charles L. (Author), Nagle, H. Troy (Author), Chakrabortty, Aranya (Author), Nagle, Troy (Author), Brickley, James (Author)
Format: Electronic Book
Published: Harlow : Pearson International Content, 2015.
Edition:Fourth edition
Subjects:
Online Access:https://resolver.vitalsource.com/9781292061887
Tags: Add Tag
No Tags, Be the first to tag this record!

MARC

LEADER 00000nam#a2200000 4500
001 9781292061887
003 VST
005 20260317120218.0
006 m o d
007 cr#un#---uucau
008 150127s2015 xxk o 00 0 eng d
020 |a  9781292061887   |q  (ebook)  
020 |z  9781292061221   |q  (ebook)  
020 |z  9780132948401   |q  (ebook)  
020 |z  9780132938211   |q  (ebook)  
020 |z  9780132938310   |q  (hardcover)  
020 |z  9780133496765   |q  (ebook)  
020 |z  9780130812223   |q  (hardcover)  
020 |z  9780133496703   |q  (ebook)  
020 |z  9780132938235   |q  (ebook)  
040 |a VST  |b eng  |c VST  |d VST 
072 |a TEC009000  |2 bisacsh 
072 |a NON000000  |2 bisacsh 
072 |a THR  |2 bicssc 
072 |a TJ  |2 bicssc 
072 |a TJFM  |2 bicssc 
100 1 |a Phillips, Charles L.  |e author 
245 1 0 |a Digital Control System Analysis & Design, Global Edition/  |c  Charles L. Phillips, H. Troy Nagle, Aranya Chakrabortty, Troy Nagle, James Brickley. 
250 |a Fourth edition 
264 1 |a Harlow :  |b Pearson International Content,  |c 2015. 
300 |a 1 online resource 
336 |a text  |b txt  |2 rdacontent 
337 |a computer  |b c  |2 rdamedia 
338 |a online resource  |b cr  |2 rdacarrier 
520 |a Appropriate for a one semester/two-quarter senior-level course in digital or discrete-time controls. This revision of the best-selling text in digital controls is a significant update with the integration of MATLAB software and new coverage in several areas.   The full text downloaded to your computer With eBooks you can: search for key concepts, words and phrases make highlights and notes as you study share your notes with friends eBooks are downloaded to your computer and accessible either offline through the Bookshelf (available as a free download), available online and also via the iPad and Android apps. Upon purchase, you'll gain instant access to this eBook. Time limit The eBooks products do not have an expiry date. You will continue to access your digital ebook products whilst you have your Bookshelf installed. 
650 4 |a Non-Classifiable 
650 4 |a Technology & Engineering/Engineering (General) 
700 1 |a Nagle, H. Troy  |e author 
700 1 |a Chakrabortty, Aranya  |e author 
700 1 |a Nagle, Troy  |e author 
700 1 |a Brickley, James  |e author 
776 0 8 |i Hardcover version:  |t Digital Control System Analysis & Design, Global Edition  |z 9780132938310 
776 0 8 |i Hardcover version:  |t Digital Control System Analysis & Design, Global Edition  |z 9780130812223 
856 4 0 |u https://resolver.vitalsource.com/9781292061887 
999 |c 249591  |d 249590